| 000 | 00863nam a2200205Ii 4500 | ||
|---|---|---|---|
| 003 | JO-AjNU | ||
| 008 | 230605s9999||||xx |||||||||||||| ||und|| | ||
| 020 | _a9953-34-716-6 | ||
| 040 |
_aJO-AjNU _bara _erda _cJO-AjNU |
||
| 041 | _aara | ||
| 050 | 1 | 4 | _aDT95.7.S24 2007 |
| 100 | 3 |
_aالصلابي، علي محمد محمد, _eauthor _960512 |
|
| 245 | 0 | 0 | _aالصراع بين اهل السنة والرافضة نشر الصفحات المطوية من تاريخ الدولة العبيدية الفاطمية وفق الله صلاح الدين فقضى عليها |
| 264 | 3 | 1 | _aبيروت: المكتبه العصرية،الدار النموذجية، 2007 |
| 300 | _a160ص | ||
| 336 |
_atext _btxt _2rdacontent |
||
| 337 |
_aunmediated _bn _2rdamedia |
||
| 338 |
_avolume _bnc _2rdacarrier |
||
| 650 | 4 |
_aالدوله الفاطمية- تاريخ _960513 |
|
| 999 |
_aA27290 _c30858 _d30858 |
||